| 000 | 00313 a2200133 4500 | ||
|---|---|---|---|
| 999 |
_c324219 _d324219 |
||
| 001 | 89146 | ||
| 003 | NUST | ||
| 082 | _a327 MAH | ||
| 100 |
_aSafdar Mahmood _99778 |
||
| 245 |
_aInternational Affairs _cSafdar Mahmood _hEnglish |
||
| 250 | _a1st | ||
| 260 |
_aPakistan _bFerozsons |
||
| 300 | _a199p,viii | ||
| 942 |
_aCAE NUST _cBK _k327 MAH _2ddc |
||